| 000 | 00509nam a2200157 a 4500 | ||
|---|---|---|---|
| 001 | 000044145 | ||
| 005 | 20201002045157.0 | ||
| 008 | 140602s1998 dr 000 0 spa d | ||
| 040 |
_aDO-SdBNP _bspa _cBNPHU |
||
| 100 | 1 |
_aCavallo, Leonor _972157 |
|
| 245 | 1 | 0 |
_aTaller de redacción 2000 para la educación media / _cLeonor Cavallo, Margarita Hernández. |
| 260 |
_aSanto Domingo : _bSusaeta, _c1998. |
||
| 300 |
_a112 p. ; _c26 cm. |
||
| 504 | _aBibliografía : p. 109 | ||
| 700 | 1 | 2 |
_aHernández, Margarita _972158 |
| 999 |
_c43634 _d43634 |
||